| 000 | 00503 a2200205 4500 | ||
|---|---|---|---|
| 001 | 106896 | ||
| 020 | _a0670762407 | ||
| 041 | _apor | ||
| 082 | _aAP Toddler [E] | ||
| 100 | _aKeats, Ezra Jack. | ||
| 300 | _a33 p. | ||
| 697 | _aDogs - Fiction. | ||
| 697 | _aWhistling - Fiction. | ||
| 856 | _u000011/00001157.jpg | ||
| 040 |
_aBR-BrIDEA _cBR-BrIDEA |
||
| 090 |
_aAP Toddler [E] _bKEA |
||
| 245 | 1 | 0 |
_aWhistle for Willie _c Ezra Jack Keats |
| 260 |
_a[s.l.] _bViking Press _c1964 |
||
| 942 | _cBK | ||
| 999 |
_c106896 _d106896 |
||